Central Library OPAC University of Rajshahi

বাংলাদেশের অর্থনীতি : (Record no. 78292)

MARC details
000 -LEADER
fixed length control field 01140nam a2200241 a 4500
001 - CONTROL NUMBER
control field 78292
003 - CONTROL NUMBER IDENTIFIER
rucl marc code BD-RjUL
005 - DATE AND TIME OF LATEST TRANSACTION
control field 20211209083120.0
008 - FIXED-LENGTH DATA ELEMENTS--GENERAL INFORMATION
fixed length control field 210905s1994 bg ||||| |||| 00| 0 ben d
035 ## - SYSTEM CONTROL NUMBER
System control number (BD-RjUL)78518
040 ## - CATALOGING SOURCE
Original cataloging agency BD-RjUL
Language of cataloging eng
Transcribing agency BD-RjUL
041 ## - LANGUAGE CODE
Language code of text/sound track or separate title ben
082 ## - DEWEY DECIMAL CLASSIFICATION NUMBER
Edition number 23
Classification number 330.9549205
Author mark and year KHB 1994
100 ## - MAIN ENTRY--PERSONAL NAME
Personal name খান, মনজুর আলী
9 (RLIN) 247383
245 10 - TITLE STATEMENT
Title বাংলাদেশের অর্থনীতি :
Remainder of title কাঠামো ও উন্নয়ন /
Statement of responsibility, etc. মো: মনজুর আলী খান, আ. স. ম. সালাহউদ্দীন এবং মুহাম্মদ কামরুল ইসলাম
260 ## - PUBLICATION, DISTRIBUTION, ETC. (IMPRINT)
Place of publication, distribution, etc. ঢাকা :
Name of publisher, distributor, etc. হাসান বুক হাউস,
Date of publication, distribution, etc. ১৯৯৪
300 ## - PHYSICAL DESCRIPTION
Pagination ৭৪৬ পৃ.;
Size ২৪ সেমি.
651 ## - SUBJECT ADDED ENTRY--GEOGRAPHIC NAME
Geographic name বাংলাদেশ
General subdivision অর্থনৈতিক অবস্থা
9 (RLIN) 247384
Geographic name Banglades
General subdivision Economic conditions
9 (RLIN) 211592
700 ## - ADDED ENTRY--PERSONAL NAME
Personal name সালাহউদ্দীন, আ. স. ম
Personal name ইসলাম, মুহাম্মদ কামরুল
942 ## - ADDED ENTRY ELEMENTS (KOHA)
Source of classification or shelving scheme Dewey Decimal Classification
Koha item type Books
Holdings
Lost status Source of classification or shelving scheme Damaged status Not for loan Collection code Permanent Location Current Location Shelving location Date acquired Source of acquisition Cost, normal purchase price Total Checkouts Full call number Date last seen Copy number Koha item type
  Dewey Decimal Classification   Not For Loan Non-fiction Central Library, University of Rajshahi Central Library, University of Rajshahi Reading Room 13/01/2001 Islamia Library 200.00   B 330.9549205 KHB 1994 05/09/2021 C-2 Books